QAM 91 : propostes, processos i reflexions a l'entorn de la Quinzena d'Art de Montesquiu propostes, processos i reflexions a l'entorn de la Quinzena d'Art de Montesquiu
ISBN:
84-7794-211-0
Descripción Física:
93 p. : il. ; 25 cm
Materias:
Art modern -- S. XX -- Catalunya
MARC
| LEADER | 00000nam a2200000Ia 4500 | ||
|---|---|---|---|
| 001 | 16988 | ||
| 008 | 160829s9999 xx 000 0 cat d | ||
| 020 | |a 84-7794-211-0 | ||
| 080 | |a B-2-95 | ||
| 100 | |a Quinzena d'Art de Montesquiu (14a : 1991 : Montesquiu) |9 48744 | ||
| 245 | |a QAM 91 : |b propostes, processos i reflexions a l'entorn de la Quinzena d'Art de Montesquiu | ||
| 260 | |a [Barcelona] : |b Diputació de Barcelona. Servei de Joventut, DL 1992 | ||
| 300 | |a 93 p. : |b il. ; |c 25 cm | ||
| 590 | |a Exemplar en castellà: R. 16987, Topogràfic B-2-94 | ||
| 650 | |a Art modern |x S. XX |x Catalunya |9 48745 | ||
| 710 | 1 | |a Barcelona (Catalunya : Província). |b Servei de Joventut |9 54681 | |
| 901 | |a Arxiu | ||
| 942 | |n 1 | ||
| 952 | |0 0 |1 0 |4 0 |6 B295 |7 1 |9 54821 |a Arxiu |b Arxiu |d 2016-12-01 |l 0 |o B-2-95 |p 16988 |r 2016-12-01 00:00:00 |w 2016-12-01 |y ARXIU | ||
| 999 | |c 58690 |d 58690 | ||